[Event "Laval op"]
[Site "Laval CAN"]
[Date "2022.06.26"]
[Round "5.7"]
[White "Clyde, Jordan"]
[Black "Adam, Rafael"]
[Result "0-1"]
[WhiteElo "2139"]
[BlackElo "1722"]
[PlyCount "111"]
[EventDate "2022.06.24"]
[EventType "swiss"]
[EventRounds "5"]
[EventCountry "CAN"]

1. e4 e5 2. Nc3 Nc6 3. Bb5 Nf6 4. d3 Bc5 5. Bg5 h6 6. Bd2 d6 7. Na4 Bb6 8. Nxb6
axb6 9. Ne2 d5 10. f3 O-O 11. Bxc6 bxc6 12. O-O Nh7 13. Qe1 Qd6 14. Kh1 f5 15.
exf5 Bxf5 16. Ng3 Bg6 17. Rf2 Nf6 18. Re2 Rfe8 19. Bc3 Nd7 20. Nf1 Kh7 21. Qg3
Re7 22. a3 c5 23. Rae1 Rae8 24. b3 b5 25. Bb2 d4 26. Ra1 Nf6 27. Qe1 Ra8 28.
Bc1 Nd5 29. Bd2 c6 30. Ng3 Nf6 31. Qc1 Qd5 32. Qb2 c4 33. bxc4 bxc4 34. dxc4
Qxc4 35. Qb4 Qxb4 36. Bxb4 Ree8 37. a4 Nd5 38. Bd6 Ne3 39. Ne4 Bxe4 40. fxe4
Nc4 41. Bc5 Ra5 42. Bb4 Ra6 43. a5 Rb8 44. Be1 Rba8 45. Ra4 Nxa5 46. Rb4 R8a7
47. Kg1 Nb7 48. Bg3 Ra5 49. Rb6 Rc5 50. h4 Nd6 51. Be1 Nc4 52. Rb3 Ra2 53. Rg3
Ne3 54. Rexe3 dxe3 55. Rxe3 Rcxc2 56. Rc3 0-1

[Event "Laval op"]
[Site "Laval CAN"]
[Date "2022.06.26"]
[Round "5.8"]
[White "Laroche, Hugo"]
[Black "Lopez Linares, Lizandro"]
[Result "1/2-1/2"]
[WhiteElo "1635"]
[BlackElo "2056"]
[PlyCount "133"]
[EventDate "2022.06.24"]
[EventType "swiss"]
[EventRounds "5"]
[EventCountry "CAN"]

1. d4 d5 2. Bf4 Nf6 3. Nf3 c5 4. e3 cxd4 5. exd4 Nc6 6. c3 Bg4 7. Be2 Qb6 8.
Qb3 e6 9. Nbd2 Nd7 10. h3 Bh5 11. O-O Be7 12. Rfe1 O-O 13. Bd3 Rac8 14. g4 Bg6
15. Bxg6 hxg6 16. Ne5 Ncxe5 17. Bxe5 Qa6 18. Nf3 Rc6 19. Kg2 f6 20. Bg3 Rfc8
21. Qc2 Nf8 22. Qd2 b5 23. a3 Qb7 24. Ng1 a5 25. Ne2 b4 26. axb4 axb4 27. Ra2
g5 28. Rea1 bxc3 29. bxc3 Bd8 30. Ra7 Qb5 31. Qd1 Rb6 32. Ra8 Rxa8 33. Rxa8 Be7
34. Qc2 Kf7 35. Ra7 Rb7 36. Rxb7 Qxb7 37. f3 Qb5 38. f4 gxf4 39. Nxf4 Qc4 40.
Qd3 Qa2+ 41. Kf3 Qa1 42. c4 g5 43. Ng2 dxc4 44. Qxc4 Qh1 45. h4 gxh4 46. Bxh4
Qh3+ 47. Kf2 Qxg4 48. Qd3 Qh5 49. Qe4 Ng6 50. Bg3 Qd1 51. Nf4 Qd2+ 52. Kf3 Qd1+
53. Kf2 Nxf4 54. Bxf4 Qh5 55. Bg3 Qd1 56. Bf4 f5 57. Qe3 Qg4 58. Qf3 Bh4+ 59.
Ke2 Ke7 60. Be5 Kd7 61. Bf4 Bf6 62. Qxg4 fxg4 63. Kf2 Bh4+ 64. Ke3 Kc6 65. Ke4
Bf6 66. Bg3 Bg5 67. Be5 1/2-1/2

[Event "Laval op"]
[Site "Laval CAN"]
[Date "2022.06.26"]
[Round "5.9"]
[White "Constantin, David"]
[Black "Zhang, Brian"]
[Result "1-0"]
[WhiteElo "2047"]
[BlackElo "1295"]
[PlyCount "109"]
[EventDate "2022.06.24"]
[EventType "swiss"]
[EventRounds "5"]
[EventCountry "CAN"]

1. d4 Nf6 2. Nf3 g6 3. Nc3 d5 4. Bf4 Bg7 5. Nb5 Na6 6. e3 c6 7. Nc3 Nb8 8. h3
b5 9. a4 b4 10. Nb1 a5 11. Nbd2 Ba6 12. Bxa6 Nxa6 13. Ne5 Qb6 14. Qe2 Nc7 15.
O-O Ne6 16. Bh2 O-O 17. c3 c5 18. g4 Rfc8 19. Qd3 Ng5 20. h4 Nge4 21. f3 Nxd2
22. Qxd2 Qb7 23. Nd3 Nd7 24. Rfc1 Qb6 25. Kg2 e6 26. Nf4 Ra7 27. Nd3 Rb7 28.
Rab1 bxc3 29. bxc3 Qa6 30. Rxb7 Qxb7 31. Nxc5 Nxc5 32. dxc5 Rxc5 33. e4 dxe4
34. Rb1 exf3+ 35. Kf2 Qd5 36. Rb8+ Bf8 37. Qxd5 Rxd5 38. Kxf3 Kg7 39. g5 Be7
40. Ke4 f6 41. Rb7 Kf7 42. gxf6 Kxf6 43. Bf4 h6 44. Bxh6 Re5+ 45. Kf4 Rf5+ 46.
Kg4 Rf1 47. Bg5+ Ke5 48. Bxe7 Rf4+ 49. Kg5 Rxa4 50. Rb5+ Ke4 51. Kxg6 Ra1 52.
h5 a4 53. Ra5 Rg1+ 54. Bg5 Ra1 55. h6 1-0

[Event "Laval op"]
[Site "Laval CAN"]
[Date "2022.06.26"]
[Round "5.10"]
[White "Sekki, Abderaouf"]
[Black "Batorshyn, Ilia"]
[Result "0-1"]
[WhiteElo "1934"]
[BlackElo "1857"]
[PlyCount "88"]
[EventDate "2022.06.24"]
[EventType "swiss"]
[EventRounds "5"]
[EventCountry "CAN"]

1. d4 Nf6 2. c4 e6 3. Nf3 d5 4. Nc3 Be7 5. Bf4 O-O 6. e3 b6 7. a3 Bb7 8. cxd5
exd5 9. Bd3 Nbd7 10. Nb5 c6 11. Nd6 Bxd6 12. Bxd6 Re8 13. O-O Ne4 14. Bf4 c5
15. dxc5 Ndxc5 16. Bb5 Rf8 17. Rc1 Rc8 18. b4 Ne6 19. Be5 Qe7 20. Qd3 a5 21.
Ba6 Bxa6 22. Qxa6 Rxc1 23. Rxc1 axb4 24. a4 N6c5 25. Qb5 Qa7 26. Nd4 Qxa4 27.
Qxa4 Nxa4 28. f3 Nec5 29. Rb1 Re8 30. Bd6 Rxe3 31. Kf2 Ra3 32. Nf5 f6 33. Ne7+
Kf7 34. Nxd5 Rd3 35. Bxc5 bxc5 36. Nxb4 cxb4 37. Rxb4 Nc5 38. Rc4 Ne6 39. Ra4
g5 40. Ra2 Kg6 41. Rb2 Rc3 42. Ra2 Nd4 43. Ra5 Rc2+ 44. Ke3 Nf5+ 0-1

[Event "Laval op"]
[Site "Laval CAN"]
[Date "2022.06.26"]
[Round "5.11"]
[White "Libersan, Thierry"]
[Black "Wang, Derek"]
[Result "1/2-1/2"]
[WhiteElo "1968"]
[BlackElo "1471"]
[PlyCount "77"]
[EventDate "2022.06.24"]
[EventType "swiss"]
[EventRounds "5"]
[EventCountry "CAN"]

1. d4 d5 2. Bf4 Nf6 3. e3 e6 4. Nd2 c5 5. c3 Bd6 6. Bg3 Qc7 7. Ngf3 Nbd7 8. Bd3
b6 9. Qe2 Bb7 10. e4 dxe4 11. Nxe4 Nxe4 12. Bxe4 Bxe4 13. Qxe4 O-O 14. O-O Nf6
15. Qe2 Rfd8 16. a4 Bxg3 17. hxg3 Rd5 18. a5 b5 19. a6 Rb8 20. Rfd1 c4 21. Ne5
Rb6 22. Ra3 Nd7 23. f4 Qc8 24. Rda1 Nb8 25. Kf2 Nd7 26. g4 Rdd6 27. g5 Nxe5 28.
fxe5 Rdc6 29. Rh1 g6 30. Qf3 Qf8 31. Raa1 Rxa6 32. Rxh7 Rxa1 33. Qh3 Qg7 34.
Rxg7+ Kxg7 35. Qf3 Raa6 36. Qf6+ Kg8 37. Qd8+ Kh7 38. Qe7 Kg8 39. Qd8+ 1/2-1/2

[Event "Laval op"]
[Site "Laval CAN"]
[Date "2022.06.26"]
[Round "5.12"]
[White "Jacquet, Stephane"]
[Black "Page, Dany"]
[Result "1-0"]
[WhiteElo "1909"]
[BlackElo "1543"]
[PlyCount "87"]
[EventDate "2022.06.24"]
[EventType "swiss"]
[EventRounds "5"]
[EventCountry "CAN"]

1. d4 Nf6 2. c4 c5 3. d5 e6 4. Nc3 exd5 5. cxd5 d6 6. e4 g6 7. f4 Bg7 8. Bb5+
Nfd7 9. a4 O-O 10. Nf3 Na6 11. O-O Nb4 12. Re1 a6 13. Bf1 Re8 14. Be3 b6 15.
Bf2 Bb7 16. Bh4 Bf6 17. Bg3 Bg7 18. Bc4 f6 19. h4 Kh8 20. Qd2 Bh6 21. Rad1 Qe7
22. Qf2 Bg7 23. e5 fxe5 24. Ng5 Nf8 25. fxe5 Bxe5 26. Rxe5 dxe5 27. Bxe5+ Qxe5
28. Nf7+ Kg7 29. Nxe5 Rxe5 30. d6 Rf5 31. Qe2 Nc6 32. Rf1 Rxf1+ 33. Qxf1 Ne5
34. Nd5 Nfd7 35. Nc7 Rb8 36. Qf4 Kh8 37. Ne6 Re8 38. Qh6 Rg8 39. Ng5 Rg7 40.
Be6 Nf6 41. h5 Ng8 42. Bxg8 Kxg8 43. hxg6 Nxg6 44. Qxg7+ 1-0

[Event "Laval op"]
[Site "Laval CAN"]
[Date "2022.06.26"]
[Round "5.13"]
[White "Xu, Daniel"]
[Black "Di Matteo, Alessio"]
[Result "1-0"]
[WhiteElo "1846"]
[BlackElo "1563"]
[PlyCount "87"]
[EventDate "2022.06.24"]
[EventType "swiss"]
[EventRounds "5"]
[EventCountry "CAN"]

1. e4 e6 2. d4 d5 3. Nd2 Nf6 4. e5 Nfd7 5. Bd3 c5 6. c3 Nc6 7. Ne2 f6 8. exf6
Nxf6 9. Nf3 Bd6 10. O-O O-O 11. Ng3 Qb6 12. a3 Bd7 13. dxc5 Bxc5 14. b4 Bd6 15.
c4 Qc7 16. cxd5 exd5 17. Bb2 Bg4 18. Be2 Ne7 19. Rc1 Qd7 20. h3 Be6 21. Ne5 Qd8
22. Bd3 Rc8 23. Qe2 Rxc1 24. Rxc1 Bc8 25. Bb1 Qb6 26. Qd3 Be6 27. Bd4 Qd8 28.
Re1 Qc8 29. Nf3 Bxg3 30. fxg3 Ne4 31. g4 Nc6 32. Bb2 Qc7 33. Rxe4 dxe4 34. Qxe4
Rxf3 35. Qxf3 Qd6 36. Be4 Nd8 37. Qc3 Qd7 38. Qc2 h6 39. Bh7+ Kh8 40. Bd3 Qe7
41. Qe2 Qf7 42. Qe3 Kg8 43. Qxa7 Nc6 44. Qa8+ 1-0

[Event "Laval op"]
[Site "Laval CAN"]
[Date "2022.06.26"]
[Round "5.14"]
[White "Guipi Bopala, Prince Eric jr"]
[Black "Guillemette, Hugo"]
[Result "1/2-1/2"]
[WhiteElo "1668"]
[BlackElo "1787"]
[PlyCount "126"]
[EventDate "2022.06.24"]
[EventType "swiss"]
[EventRounds "5"]
[EventCountry "CAN"]

1. d4 Nf6 2. c4 e6 3. g3 d5 4. Nf3 c5 5. cxd5 exd5 6. Bg2 Nc6 7. Nc3 Be7 8. O-O
O-O 9. dxc5 Bxc5 10. Bg5 d4 11. Ne4 Be7 12. Nxf6+ Bxf6 13. Bxf6 Qxf6 14. b4
Nxb4 15. Qxd4 Qe7 16. Qh4 Qxh4 17. Nxh4 Be6 18. a4 Rab8 19. Rfc1 b6 20. a5 b5
21. Rc7 a6 22. Rb1 Na2 23. Bb7 b4 24. Bxa6 Ra8 25. Bc4 Bxc4 26. Rxc4 Rxa5 27.
Nf3 g6 28. Nd4 Ra4 29. Nc6 Kg7 30. Rb2 Re8 31. e3 f5 32. Nxb4 Nxb4 33. Rcxb4
Rxb4 34. Rxb4 Rc8 35. e4 fxe4 36. Rxe4 Kf6 37. Rf4+ Ke6 38. h4 Rc7 39. Kg2 Rc3
40. Kh3 Rc5 41. Kg4 h5+ 42. Kh3 Rc3 43. Kg2 Ke5 44. Rf8 Ra3 45. f3 Ra1 46. g4
hxg4 47. fxg4 Ra4 48. Kg3 Ra3+ 49. Rf3 Ra1 50. h5 gxh5 51. gxh5 Ke4 52. Rf8 Rh1
53. Kg4 Rg1+ 54. Kh4 Ke5 55. h6 Ke6 56. Kh5 Ke7 57. Rf4 Rh1+ 58. Kg6 Rg1+ 59.
Kh7 Rh1 60. Kg7 Rg1+ 61. Kh8 Rh1 62. h7 Rg1 63. Rf3 Rg2 1/2-1/2

[Event "Laval op"]
[Site "Laval CAN"]
[Date "2022.06.26"]
[Round "5.15"]
[White "Baran, Marius"]
[Black "Lesage, Philippe"]
[Result "0-1"]
[WhiteElo "1612"]
[BlackElo "1742"]
[PlyCount "56"]
[EventDate "2022.06.24"]
[EventType "swiss"]
[EventRounds "5"]
[EventCountry "CAN"]

1. d4 d5 2. c4 e6 3. Nc3 c5 4. cxd5 exd5 5. Nf3 Nc6 6. e3 Nf6 7. Be2 c4 8. O-O
Bb4 9. Bd2 O-O 10. a3 Bxc3 11. Bxc3 b5 12. b3 Ne4 13. Qe1 Bf5 14. bxc4 bxc4 15.
Ne5 Nxe5 16. dxe5 a5 17. Bd4 Qc7 18. f3 Nc5 19. Bxc5 Qxc5 20. Qc3 Rab8 21. Bd1
Rfd8 22. Rc1 Be6 23. Kh1 Rd7 24. Bc2 Rbd8 25. h3 d4 26. exd4 Rxd4 27. Rfe1 Rd2
28. Re4 Qf2 0-1

[Event "Laval op"]
[Site "Laval CAN"]
[Date "2022.06.26"]
[Round "5.16"]
[White "Mok, Yuen Tak"]
[Black "Wang, Isabelle"]
[Result "1-0"]
[WhiteElo "1839"]
[BlackElo "1520"]
[PlyCount "77"]
[EventDate "2022.06.24"]
[EventType "swiss"]
[EventRounds "5"]
[EventCountry "CAN"]

1. Nf3 Nf6 2. c4 c5 3. d4 cxd4 4. Nxd4 Nc6 5. Nc3 d6 6. Nc2 g6 7. g3 Bg7 8. Bg2
O-O 9. O-O Ne5 10. b3 Rb8 11. e4 b6 12. Bb2 Bb7 13. Qe2 Ned7 14. Ne3 Nc5 15.
Ned5 Bxd5 16. cxd5 a5 17. Nb5 Qd7 18. Nd4 Rbc8 19. Rfe1 Qb7 20. Rad1 Nfd7 21.
f4 Bxd4+ 22. Bxd4 Qa6 23. Qd2 Rfd8 24. e5 Nf8 25. exd6 exd6 26. f5 Qa7 27. Bf6
Ncd7 28. Bxd8 Rxd8 29. Re7 b5+ 30. Kh1 Qc5 31. Rf1 gxf5 32. Qg5+ Ng6 33. Rxf7
Kxf7 34. Qxd8 Nde5 35. Rxf5+ Kg7 36. Qf6+ Kh6 37. Qg5+ Kg7 38. h4 Qc7 39. h5
1-0

[Event "Laval op"]
[Site "Laval CAN"]
[Date "2022.06.26"]
[Round "5.17"]
[White "Landry, Sylvain"]
[Black "Tsukerman, Julia"]
[Result "1-0"]
[WhiteElo "1795"]
[BlackElo "1523"]
[PlyCount "71"]
[EventDate "2022.06.24"]
[EventType "swiss"]
[EventRounds "5"]
[EventCountry "CAN"]

1. e4 c5 2. Nf3 d6 3. d4 cxd4 4. Nxd4 Nf6 5. Nc3 a6 6. h3 e5 7. Nde2 Be6 8. g4
d5 9. Bg2 d4 10. Nb1 h6 11. O-O Nc6 12. f4 exf4 13. Nxf4 Bc4 14. Nd3 Bd6 15.
Nd2 Bxd3 16. cxd3 Ne5 17. Nf3 Nxf3+ 18. Qxf3 O-O 19. Bxh6 Nd7 20. Bf4 Bxf4 21.
Qxf4 Nc5 22. Qg3 Qb6 23. Rf2 Qb5 24. Rd1 Qa4 25. b3 Qd7 26. Rf5 Ne6 27. e5 g6
28. Rf2 Rae8 29. h4 Qe7 30. g5 Ng7 31. Re1 Nf5 32. Qf4 Qb4 33. Ree2 Ng7 34. Bd5
Re7 35. Qe4 Kh7 36. Rf6 1-0

[Event "Laval op"]
[Site "Laval CAN"]
[Date "2022.06.26"]
[Round "5.18"]
[White "Kot, Emanuel"]
[Black "Liu, Kevin"]
[Result "1-0"]
[WhiteElo "1872"]
[BlackElo "1579"]
[PlyCount "48"]
[EventDate "2022.06.24"]
[EventType "swiss"]
[EventRounds "5"]
[EventCountry "CAN"]

1. e4 c5 2. Nf3 Nc6 3. d4 cxd4 4. Nxd4 g6 5. c4 Bg7 6. Be3 Nf6 7. Nc3 O-O 8.
Be2 d6 9. O-O Bd7 10. f3 a5 11. Qd2 Nxd4 12. Bxd4 Bc6 13. Rab1 Nd7 14. Be3 Nc5
15. Rfd1 Re8 16. b3 Qb6 17. Qc2 f5 18. exf5 gxf5 19. Qxf5 Bxc3 20. Bd3 Bg7 21.
Qxh7+ Kf8 22. Bg6 Red8 23. Rd4 e5 24. Bh6 Ne6 1-0

[Event "Laval op"]
[Site "Laval CAN"]
[Date "2022.06.26"]
[Round "5.19"]
[White "Shi, Michael"]
[Black "Joseph, Jonath"]
[Result "1/2-1/2"]
[WhiteElo "1573"]
[BlackElo "1391"]
[PlyCount "53"]
[EventDate "2022.06.24"]
[EventType "swiss"]
[EventRounds "5"]
[EventCountry "CAN"]

1. e4 e5 2. Nf3 Nc6 3. Bc4 Bc5 4. c3 Nf6 5. d3 h6 6. O-O d6 7. a4 Bb6 8. Re1
O-O 9. Nbd2 Be6 10. Bb3 Bxb3 11. Qxb3 Kh8 12. Nf1 Ng4 13. Re2 f5 14. exf5 Rxf5
15. Qe6 Qf8 16. Ng3 Rxf3 17. gxf3 Qxf3 18. Qf5 Qxf5 19. Nxf5 Nxf2 20. d4 Nd3
21. Be3 exd4 22. Nxd4 Re8 23. Kf1 Rf8+ 24. Kg1 Re8 25. Kf1 Rf8+ 26. Kg1 Re8 27.
Kf1 1/2-1/2

[Event "Laval op"]
[Site "Laval CAN"]
[Date "2022.06.26"]
[Round "5.20"]
[White "Duplessis, Claude"]
[Black "Masse-Garneau, Anthony"]
[Result "1/2-1/2"]
[WhiteElo "1551"]
[BlackElo "1596"]
[PlyCount "71"]
[EventDate "2022.06.24"]
[EventType "swiss"]
[EventRounds "5"]
[EventCountry "CAN"]

1. e4 c5 2. Nc3 e6 3. g3 d5 4. exd5 exd5 5. d4 Nf6 6. Bg2 cxd4 7. Qxd4 Nc6 8.
Qd1 Bb4 9. Nge2 O-O 10. O-O Bg4 11. h3 Bxc3 12. hxg4 Be5 13. c3 Nxg4 14. Qxd5
Qxd5 15. Bxd5 Rad8 16. Bxc6 bxc6 17. f3 Nf6 18. Be3 Rd7 19. Rad1 Rfd8 20. Rxd7
Rxd7 21. Kg2 Kf8 22. Nd4 Bxd4 23. Bxd4 Nd5 24. Re1 f6 25. Re6 Rc7 26. Bc5+ Kf7
27. Re2 a6 28. c4 Ne7 29. Rxe7+ Rxe7 30. Bxe7 Kxe7 31. b4 Kd6 32. f4 g5 33. Kf3
h5 34. a4 g4+ 35. Ke4 Kc7 36. Kd4 1/2-1/2

[Event "Laval op"]
[Site "Laval CAN"]
[Date "2022.06.26"]
[Round "5.21"]
[White "Mercure, Gilbert"]
[Black "Efpraxiadis, Jean"]
[Result "1-0"]
[WhiteElo "1732"]
[BlackElo "1624"]
[PlyCount "32"]
[EventDate "2022.06.24"]
[EventType "swiss"]
[EventRounds "5"]
[EventCountry "CAN"]

1. e4 c6 2. d4 d5 3. f3 dxe4 4. fxe4 e5 5. Nf3 Bg4 6. Bc4 Nd7 7. O-O Qc7 8.
Bxf7+ Kd8 9. c3 Ngf6 10. Bg5 Bd6 11. Nbd2 h6 12. Bxf6+ Nxf6 13. dxe5 Bxe5 14.
Nc4+ Nd7 15. Nfxe5 Qxe5 16. Nxe5 Bxd1 1-0

[Event "Laval op"]
[Site "Laval CAN"]
[Date "2022.06.26"]
[Round "5.24"]
[White "McCartney, Steven"]
[Black "Liao, David"]
[Result "0-1"]
[WhiteElo "1769"]
[BlackElo "1548"]
[PlyCount "60"]
[EventDate "2022.06.24"]
[EventType "swiss"]
[EventRounds "5"]
[EventCountry "CAN"]

1. Nf3 d5 2. d4 Nf6 3. e3 e6 4. Bd3 b6 5. Nbd2 Bb7 6. b3 Nbd7 7. Bb2 c5 8. O-O
Bd6 9. h3 O-O 10. Ne5 Rc8 11. c4 Qc7 12. Ndf3 Ne4 13. Nxd7 Qxd7 14. Bxe4 dxe4
15. Nd2 Rcd8 16. Qc2 f5 17. Rad1 Qf7 18. dxc5 Bxc5 19. a3 f4 20. b4 fxe3 21.
bxc5 e2 22. Rde1 exf1=Q+ 23. Rxf1 Qf4 24. Nb3 e3 25. f3 Rf7 26. cxb6 axb6 27.
Rd1 Rfd7 28. Rxd7 Rxd7 29. c5 bxc5 30. Qe2 Ba6 0-1

[Event "Luc Bourbonnais mem."]
[Site "Gatineau CAN"]
[Date "2022.09.13"]
[Round "1"]
[White "Blais, Robert"]
[Black "Rioux, Jocelyn"]
[Result "0-1"]
[WhiteElo "1576"]
[BlackElo "1581"]
[PlyCount "42"]
[EventDate "2022.09.13"]
[EventType "swiss"]
[EventRounds "5"]
[EventCountry "CAN"]
[TimeControl "90/30:0"]

1. e4 c6 2. d4 d5 3. e5 Bf5 4. Nf3 e6 5. Bd3 Bxd3 6. Qxd3 Ne7 7. Bg5 h6 8. Bh4
Qb6 9. Qb3 Nf5 10. c3 c5 11. Qxb6 axb6 12. Nbd2 cxd4 13. cxd4 Bb4 14. a3 Nc6
15. Rc1 Bxd2+ 16. Kxd2 Nxh4 17. Ke3 Nxg2+ 18. Kd2 Nf4 19. Ke3 Ng6 20. Rc3 O-O
21. Rg1 Rfc8 0-1

[Event "Luc Bourbonnais mem."]
[Site "Gatineau CAN"]
[Date "2022.09.13"]
[Round "1"]
[White "Desjardins, Michel"]
[Black "Thompson, Francis"]
[Result "1-0"]
[WhiteElo "1787"]
[BlackElo "1666"]
[PlyCount "69"]
[EventDate "2022.09.13"]
[EventType "swiss"]
[EventRounds "5"]
[EventCountry "CAN"]

1. e4 c6 2. d4 d5 3. exd5 cxd5 4. Bd3 Nc6 5. c3 Nf6 6. Bf4 Bg4 7. Nf3 e6 8.
Nbd2 Be7 9. O-O O-O 10. Qc2 Rc8 11. a3 Ne4 12. Bxe4 dxe4 13. Qxe4 Bf5 14. Qe2
Qb6 15. Ra2 Rfd8 16. Re1 Rd5 17. h3 a5 18. b4 Bf6 19. Nc4 Qa6 20. Nd6 Bd3 21.
Qe3 Bc4 22. Nxc8 Bxa2 23. Nd6 Bd8 24. Nxf7 Rf5 25. Nd6 Ne7 26. Nxf5 Nxf5 27.
Qe5 Qc6 28. Qb8 Qd7 29. Bg5 Ne7 30. Ne5 Qe8 31. Qxb7 h6 32. Bxe7 Bd5 33. Qd7
Qxd7 34. Nxd7 Bxe7 35. Nb6 1-0

[Event "Luc Bourbonnais mem."]
[Site "Gatineau CAN"]
[Date "2022.09.13"]
[Round "1"]
[White "Lavoie, Aren"]
[Black "Seguin, Hubert"]
[Result "1-0"]
[WhiteElo "1404"]
[BlackElo "1516"]
[PlyCount "105"]
[EventDate "2022.09.13"]
[EventType "swiss"]
[EventRounds "5"]
[EventCountry "CAN"]
[TimeControl "90+30"]

1. e4 c5 2. a3 Nc6 3. b4 cxb4 4. axb4 Nxb4 5. c3 Nc6 6. d4 d6 7. Nf3 Nf6 8.
Nbd2 g6 9. Bb5 Bd7 10. O-O Bg7 11. h3 O-O 12. Re1 a6 13. Bc4 b5 14. Bd3 Qc7 15.
Ba3 Rfe8 16. Qc2 Bh6 17. e5 dxe5 18. Nxe5 Nxe5 19. Rxe5 Be6 20. Nb3 Nd7 21. Re2
Bf4 22. Be4 Rac8 23. d5 Bf5 24. Bxf5 gxf5 25. Qxf5 Bd6 26. Qg4+ Kh8 27. Bb2 Nf6
28. Qf3 Qc4 29. Nd2 Qxd5 30. Qxd5 Nxd5 31. c4+ Nf6 32. Ne4 Kg7 33. Nxd6 exd6
34. Rxe8 Rxe8 35. Rxa6 Re1+ 36. Kh2 Re2 37. Bxf6+ Kxf6 38. cxb5 Ke7 39. b6 Kd7
40. Ra7+ Kc8 41. Rxf7 h5 42. Kg3 Rb2 43. b7+ Rxb7 44. Rxb7 Kxb7 45. Kf4 Kc6 46.
Ke3 Kc5 47. Kd3 Kd5 48. g4 hxg4 49. hxg4 Ke5 50. Ke3 d5 51. f4+ Kf6 52. Kd4 Ke6
53. f5+ 1-0

[Event "Luc Bourbonnais mem."]
[Site "Gatineau CAN"]
[Date "2022.09.13"]
[Round "1"]
[White "Lecorre, Joel"]
[Black "Labelle, Raymond"]
[Result "0-1"]
[WhiteElo "1501"]
[BlackElo "1486"]
[PlyCount "42"]
[EventDate "2022.09.13"]
[EventType "swiss"]
[EventRounds "5"]
[EventCountry "CAN"]

1. e4 e6 2. d4 d5 3. e5 c5 4. c3 Nc6 5. Nf3 Qb6 6. Be2 Nge7 7. Na3 cxd4 8. cxd4
Nf5 9. Nc2 Be7 10. O-O O-O 11. a3 a5 12. g4 Nh4 13. Nce1 Nxf3+ 14. Nxf3 f5 15.
g5 Bd7 16. Kh1 Be8 17. Qd3 f4 18. Bd2 Bg6 19. Qc3 Be4 20. h4 Nxd4 21. Bxf4 Nxe2
0-1

[Event "Luc Bourbonnais mem."]
[Site "Gatineau CAN"]
[Date "2022.09.13"]
[Round "1"]
[White "Raymond, Daniel"]
[Black "MacIsaac, Alexandre"]
[Result "1-0"]
[WhiteElo "1743"]
[BlackElo "1647"]
[PlyCount "89"]
[EventDate "2022.09.13"]
[EventType "swiss"]
[EventRounds "5"]
[EventCountry "CAN"]

1. e4 c5 2. Nf3 d6 3. d4 cxd4 4. Nxd4 Nf6 5. Nc3 g6 6. Be2 Bg7 7. O-O Nc6 8.
Nb3 O-O 9. Bg5 Be6 10. Kh1 h6 11. Be3 Qd7 12. f3 Nh5 13. f4 Bxc3 14. bxc3 Nf6
15. f5 Bxb3 16. cxb3 Kh7 17. Qc2 Rac8 18. Bf3 Rg8 19. Rad1 gxf5 20. exf5 Ne5
21. Bxa7 Nxf3 22. Rxf3 Qc6 23. Bd4 Rg4 24. Rg3 Rxg3 25. hxg3 Qe4 26. Qxe4 Nxe4
27. Rd3 e5 28. fxe6 fxe6 29. Re3 d5 30. a4 Rf8 31. Kh2 Rf1 32. Rf3 Rb1 33. Rf7+
Kg6 34. Rxb7 e5 35. Bxe5 Nf2 36. Rg7+ Kh5 37. g4+ Nxg4+ 38. Rxg4 Kxg4 39. b4
Kf5 40. Bd4 Ke4 41. b5 Kd3 42. b6 Kc4 43. g4 Ra1 44. Kg3 Rxa4 45. b7 1-0

[Event "Luc Bourbonnais mem."]
[Site "Gatineau CAN"]
[Date "2022.09.13"]
[Round "1"]
[White "Simard, Francois"]
[Black "Legault, Stephane"]
[Result "1/2-1/2"]
[WhiteElo "1371"]
[BlackElo "1455"]
[PlyCount "122"]
[EventDate "2022.09.13"]
[EventType "swiss"]
[EventRounds "5"]
[EventCountry "CAN"]

1. e4 c5 2. Nf3 Nc6 3. d4 cxd4 4. Nxd4 e5 5. Nb3 Nf6 6. Nc3 Bb4 7. Bd2 d6 8.
Be2 Bxc3 9. Bxc3 Nxe4 10. O-O O-O 11. Bd3 Nxc3 12. bxc3 Qg5 13. Nd2 Bh3 14. Qf3
Bg4 15. Ne4 Qh5 16. Qg3 Kh8 17. Nxd6 Rab8 18. Rfe1 Rfd8 19. Nxf7+ Qxf7 20. Qxg4
Rd6 21. Re3 b5 22. Rh3 g6 23. a3 a6 24. Re1 Rbd8 25. f3 Qg7 26. f4 e4 27. Bxe4
Ne7 28. Rhe3 h5 29. Qg5 Nf5 30. Bxf5 gxf5 31. Qxg7+ Kxg7 32. Re5 Rf6 33. Kf2
Rc8 34. R1e3 Rc4 35. Rg3+ Kh6 36. Ke2 Rxf4 37. Rf3 Kg5 38. g3 Ra4 39. h4+ Kg6
40. Kd3 Rxa3 41. Rc5 b4 42. Kd4 b3 43. cxb3 Rxb3 44. Ra5 Rbb6 45. c4 Rb4 46.
Rc3 f4 47. gxf4 Rxf4+ 48. Kc5 Rb2 49. Rxa6+ Kf5 50. Kd6 Rxh4 51. c5 Rd4+ 52.
Kc7 h4 53. Rb6 Rdb4 54. Rxb4 Rxb4 55. c6 Kg4 56. Kd7 h3 57. c7 Rb7 58. Kc8
Rxc7+ 59. Rxc7 h2 60. Rh7 Kg3 61. Rxh2 Kxh2 1/2-1/2

[Event "Luc Bourbonnais mem."]
[Site "Gatineau CAN"]
[Date "2022.09.13"]
[Round "1"]
[White "Thibault, Mario"]
[Black "Masse-Garneau, Anthony"]
[Result "1-0"]
[WhiteElo "1762"]
[BlackElo "1600"]
[PlyCount "61"]
[EventDate "2022.09.13"]
[EventType "swiss"]
[EventRounds "5"]
[EventCountry "CAN"]

1. e4 c5 2. Nc3 e6 3. f4 d5 4. e5 Nc6 5. Bb5 Nge7 6. a4 Bd7 7. Nf3 Nf5 8. O-O
a6 9. Bxc6 Bxc6 10. d3 Qc7 11. Bd2 Rd8 12. Ne2 d4 13. Qe1 b6 14. Ng3 g6 15. Ne4
Be7 16. g4 Ng7 17. Nf6+ Kf8 18. Qh4 h5 19. Ng5 Bxf6 20. exf6 Ne8 21. f5 gxf5
22. gxf5 exf5 23. Rxf5 Bd7 24. Rf2 Be6 25. Re1 Qd7 26. Nxe6+ fxe6 27. f7 Ng7
28. Bg5 Rc8 29. Bf6 Rh7 30. Qg5 Rc7 31. Qg6 1-0

[Event "Luc Bourbonnais mem."]
[Site "Gatineau CAN"]
[Date "2022.09.20"]
[Round "2"]
[White "Arsenault, Michel"]
[Black "Raymond, Daniel"]
[Result "1-0"]
[WhiteElo "1858"]
[BlackElo "1743"]
[PlyCount "71"]
[EventDate "2022.09.13"]
[EventType "swiss"]
[EventRounds "5"]
[EventCountry "CAN"]
[TimeControl "90/30:0"]

1. e4 c5 2. Nc3 Nc6 3. g3 g6 4. Bg2 Bg7 5. d3 d6 6. f4 Nf6 7. Nf3 O-O 8. O-O
Rb8 9. h3 Bd7 10. Be3 b5 11. a3 Qc8 12. Kh2 a6 13. Qd2 Ne8 14. Rae1 b4 15. axb4
cxb4 16. Nd1 Nc7 17. f5 Ne5 18. Bh6 Nxf3+ 19. Rxf3 Nb5 20. Bxg7 Kxg7 21. g4 Nd4
22. Rf2 a5 23. Ne3 Bc6 24. Ref1 Qc7 25. g5 f6 26. Ng4 Bd7 27. gxf6+ exf6 28.
Qh6+ Kg8 29. Nxf6+ Rxf6 30. fxg6 Bf5 31. gxh7+ Bxh7 32. Qxf6 d5+ 33. e5 Qg7 34.
Bxd5+ Kh8 35. Qd6 Rc8 36. Rf8+ 1-0

[Event "Luc Bourbonnais mem."]
[Site "Gatineau CAN"]
[Date "2022.09.20"]
[Round "2"]
[White "Blais, Robert"]
[Black "Lavoie, Aren"]
[Result "1-0"]
[WhiteElo "1576"]
[BlackElo "1404"]
[PlyCount "103"]
[EventDate "2022.09.13"]
[EventType "swiss"]
[EventRounds "5"]
[EventCountry "CAN"]

1. e4 e5 2. Nf3 Nc6 3. Bc4 Bc5 4. d3 Nf6 5. Bg5 h6 6. Bh4 g5 7. Bg3 d6 8. h3
Na5 9. Bb3 Nxb3 10. axb3 g4 11. hxg4 Bxg4 12. Bh4 Bb4+ 13. c3 Bc5 14. b4 Bb6
15. Na3 a6 16. Nc4 Ba7 17. Qd2 Bxf3 18. gxf3 Qd7 19. b3 Qe6 20. f4 Nh5 21. f5
Qd7 22. Bg3 Nxg3 23. fxg3 h5 24. Qe2 O-O-O 25. Rxh5 Rdg8 26. Rxh8 Rxh8 27. Qg2
f6 28. Ke2 Qh7 29. Ne3 Qh6 30. Qf3 Qxe3+ 31. Qxe3 Rh2+ 32. Kf3 Bxe3 33. Kxe3
Kd7 34. Rg1 c6 35. g4 Ke7 36. g5 fxg5 37. Rxg5 Kf7 38. Rg6 Rh3+ 39. Ke2 d5 40.
exd5 cxd5 41. Re6 Rh2+ 42. Ke3 Rb2 43. Rxe5 Rxb3 44. Kd4 Kf6 45. Rxd5 Rb2 46.
Re5 Rf2 47. Kd5 Rd2 48. d4 Rd3 49. Kc4 Rf3 50. Re6+ Kxf5 51. Rb6 Ke4 52. Rxb7
1-0